000 00699nam a2200241Ia 4500
003 OSt
005 20220923214019.0
006 a|||||r|||| 00| 0
007 ta
008 220922b |||||||| |||| 00| 0 hin d
024 _a166,464
037 _cTextual
040 _aARTS
_cARTS
_bhin
041 _2hin
_ahin
082 _aO152,1N031x, K2
100 _aवर्मा, भगवती चरण
245 0 _aरंगों से मोह
246 _aRangoan se moha
260 _c1962
650 _aहिन्दी साहित्य
_9156264
942 _hO152,1N031x, K2
_cTEXL
_2CC
999 _c320943
_d320943